Металлургическое оборудование (Запись № 2709593)

Подробности
000 -МАРКЕР
контрольное поле 41739nas1a22032291i 4500
001 - ИДЕНТИФИКАТОР ЗАПИСИ
контрольное поле RU\NLR\INFOCOMM5\1000345260
005 - ИДЕНТИФИКАТОР ВЕРСИИ
контрольное поле 20240726045755.0
035 ## - ДРУГИЕ СИСТЕМНЫЕ НОМЕРА
Идентификатор записи (NLR Aleph) 002514602
100 ## - ДАННЫЕ ОБЩЕЙ ОБРАБОТКИ
Данные общей обработки 20040420c1965 |||y0rusy50 ca
101 0# - ЯЗЫК РЕСУРСА
Язык текста, звукозаписи и т.д. русский
102 ## - СТРАНА ПУБЛИКАЦИИ ИЛИ ПРОИЗВОДСТВА
Страна публикации российская федерация
110 ## - ПОЛЕ КОДИРОВАННЫХ ДАННЫХ: ПРОДОЛЖАЮЩИЕСЯ РЕСУРСЫ
Кодированные данные продолжающегося ресурса ayu||||0|y0
200 1# - ЗАГЛАВИЕ И СВЕДЕНИЯ ОБ ОТВЕТСТВЕННОСТИ
Основное заглавие Металлургическое оборудование
Обозначение и номер части [Тема]1
Первые сведения об ответственности М-во тяжелого, энергет. и транспортного машиностроения. Науч.-исслед. ин-т информации по тяжелому, энергет. и транспортному машиностроению. НИИИНФОРМТЯЖМАШ
210 ## - ПУБЛИКАЦИЯ, РАСПРОСТРАНЕНИЕ И ДР.
Место издания, распространения и т.д. М.
Дата издания, распространения и т.д. 1965-
300 ## - ОБЩИЕ ПРИМЕЧАНИЯ
Текст примечания С 1975г. издание хранится в книжном фонде. Описания см. под частными заглавиями выпусков
430 #1 - ПРОДОЛЖЕН
Встроенное поле 2001#$aМеталлургическое машиностроение$h[Тема]1
Заглавие Металлургическое машиностроение
712 02 - НАИМЕНОВАНИЕ ОРГАНИЗАЦИИ - ВТОРИЧНАЯ ОТВЕТСТВЕННОСТЬ
Начальный элемент ввода Научно-исследовательский институт информации по тяжелому, энергетическому и транспортному машиностроению
Идентифицирующий признак Москва
Код отношения Прочие
801 #1 - ИСТОЧНИК ЗАПИСИ
Страна российская федерация
Организация InfoComm
Дата составления 20040420
801 #0 - ИСТОЧНИК ЗАПИСИ
Страна российская федерация
Организация NLR
Правила каталогизации PSBO
852 ## - МЕСТОНАХОЖДЕНИЕ И ШИФР ХРАНЕНИЯ
Идентификатор организации NLR
Шифр хранения (Call Number) П10/3444
852 ## - МЕСТОНАХОЖДЕНИЕ И ШИФР ХРАНЕНИЯ
Идентификатор организации NLR
Наименование фонда или коллекции (Sub-Location Identifier) Пт
Шифр хранения (Call Number) 14-8/323
852 ## - МЕСТОНАХОЖДЕНИЕ И ШИФР ХРАНЕНИЯ
Идентификатор организации NLR
Наименование фонда или коллекции (Sub-Location Identifier) СВТЛ
852 ## - МЕСТОНАХОЖДЕНИЕ И ШИФР ХРАНЕНИЯ
Идентификатор организации NLR
Шифр хранения (Call Number) ФГО
942 ## - ДОПОЛНИТЕЛЬНЫЕ ЭЛЕМЕНТЫ ЗАПИСИ (АБИС)
Тип экземпляра АБИС Журнал
980 ## - КОЛЛЕКЦИЯ
Название коллекции Русская периодика

Нет доступных экземпляров.